000 00698cam a2200241 a 4500
001 2596091
005 20180117032629.0
008 970227s1997 njua b 001 0 eng
010 _a 97003101
020 _a0137371152
040 _aDLC
_cDLC
_dDLC
041 _aeng
043 _an-us---
080 _a658.8342 MOW
082 0 0 _a658.8342 MOW
_221
100 1 _a52
101 _aBNJ
245 1 0 _aConsumer behavior /
_cJohn C. Mowen, Michael Minor.
504 _aIncludes bibliographical references and indexes.
906 _a7
_bcbc
_corignew
_d1
_eocip
_f19
_gy-gencatlg
942 _2ddc
_cBK
999 _c40387
_d40387